<?xml version="1.0" encoding="UTF-8"?>
<record
    xmlns:xsi="http://www.w3.org/2001/XMLSchema-instance"
    xsi:schemaLocation="http://www.loc.gov/MARC21/slim http://www.loc.gov/standards/marcxml/schema/MARC21slim.xsd"
    xmlns="http://www.loc.gov/MARC21/slim">

  <leader>03389nam a2200457Ii 4500</leader>
  <controlfield tag="001">DIGIBE1309</controlfield>
  <controlfield tag="003">NyNyDIG</controlfield>
  <controlfield tag="006">m     o  d        </controlfield>
  <controlfield tag="007">cr |||||||||||</controlfield>
  <controlfield tag="008">131001s2002    sp ab   ob    000 0 spa d</controlfield>
  <datafield tag="020" ind1=" " ind2=" ">
    <subfield code="a">9783865278913</subfield>
    <subfield code="q">(eBook)</subfield>
  </datafield>
  <datafield tag="020" ind1=" " ind2=" ">
    <subfield code="z">8484890376</subfield>
    <subfield code="q">(Iberoamericana) </subfield>
  </datafield>
  <datafield tag="020" ind1=" " ind2=" ">
    <subfield code="z">9788484890379</subfield>
    <subfield code="q">(Iberoamericana) </subfield>
  </datafield>
  <datafield tag="020" ind1=" " ind2=" ">
    <subfield code="z">3893543791</subfield>
    <subfield code="q">(Vervuert) </subfield>
  </datafield>
  <datafield tag="020" ind1=" " ind2=" ">
    <subfield code="z">9783893543793</subfield>
    <subfield code="q">(Vervuert)</subfield>
  </datafield>
  <datafield tag="035" ind1=" " ind2=" ">
    <subfield code="a">(OCoLC)647551623</subfield>
  </datafield>
  <datafield tag="040" ind1=" " ind2=" ">
    <subfield code="a">DGITA</subfield>
    <subfield code="b">eng</subfield>
    <subfield code="e">pn</subfield>
    <subfield code="c">DGITA</subfield>
  </datafield>
  <datafield tag="043" ind1=" " ind2=" ">
    <subfield code="a">cl-----</subfield>
  </datafield>
  <datafield tag="050" ind1="1" ind2="4">
    <subfield code="a">P130.52 eBook</subfield>
  </datafield>
  <datafield tag="245" ind1="0" ind2="3">
    <subfield code="a">La Romania americana :</subfield>
    <subfield code="b">procesos ling&#xFC;&#xED;sticos en situaciones de contacto /</subfield>
    <subfield code="c">Norma D&#xED;az, Ralph Ludwig, Stefan Pf&#xE4;nder, (eds.).</subfield>
  </datafield>
  <datafield tag="264" ind1=" " ind2="1">
    <subfield code="a">Madrid :</subfield>
    <subfield code="b">Iberoamericana ;</subfield>
    <subfield code="a">Frankfurt am Main :</subfield>
    <subfield code="b">Vervuert,</subfield>
    <subfield code="c">2002.</subfield>
  </datafield>
  <datafield tag="300" ind1=" " ind2=" ">
    <subfield code="a">1 online resource (446 pages) :</subfield>
    <subfield code="b">ill., maps </subfield>
  </datafield>
  <datafield tag="336" ind1=" " ind2=" ">
    <subfield code="a">text</subfield>
    <subfield code="b">txt</subfield>
    <subfield code="2">rdacontent</subfield>
  </datafield>
  <datafield tag="337" ind1=" " ind2=" ">
    <subfield code="a">computer</subfield>
    <subfield code="b">c</subfield>
    <subfield code="2">rdamedia</subfield>
  </datafield>
  <datafield tag="338" ind1=" " ind2=" ">
    <subfield code="a">online resource</subfield>
    <subfield code="b">cr</subfield>
    <subfield code="2">rdacarrier</subfield>
  </datafield>
  <datafield tag="490" ind1="1" ind2=" ">
    <subfield code="a">Lengua y sociedad en el mundo hisp&#xE1;nico =</subfield>
    <subfield code="a">Language and society in the Hispanic world ;</subfield>
    <subfield code="v">v. 9.</subfield>
  </datafield>
  <datafield tag="504" ind1=" " ind2=" ">
    <subfield code="a">Includes bibliographical references.</subfield>
  </datafield>
  <datafield tag="505" ind1="0" ind2=" ">
    <subfield code="a">&#xCD;ndice -- La Romania americana. Introducci&#xF3;n al presente volumen -- El 'Atlas Ling&#xFC;&#xED;stico Guaran&#xED;-Rom&#xE1;nico' (ALGR). Primeros resultados / Harald Thun y Almidio Aquino -- La situaci&#xF3;n actual del contacto ling&#xFC;&#xED;stico guaran&#xED;-castellano en la Argentina / Wolf Dietrich -- Contacto de criollos y la g&#xE9;nesis del espa&#xF1;ol (afro)caribe&#xF1;o / John Lipski -- El vocabulario (ritual) bant&#xFA; de Cuba / Armin Schwegler -- Parte I: Acerca de la matriz africana de la "lengua congo" en El monte y Vocabulario congo de Lydia Cabrera -- Parte II: Ap&#xE9;ndice 1. Lista de palabras "congo"-cubanas etimologizadas -- Ap&#xE9;ndice 2. &#xCD;ndice de voces "congo" reconstruidas -- Sonorizaci&#xF3;n en castellano vs. ensordecimiento en portugu&#xE9;s en situaciones de contacto luso-espa&#xF1;ol / Fred Boller -- La categor&#xED;a del plural en el quechua boliviano / Pieter Muysken -- Contacto y cambio ling&#xFC;&#xED;stico en Cochabamba (Bolivia) / Stefan Pf&#xE4;nder -- Diacron&#xED;a del contacto espa&#xF1;ol-portugu&#xE9;s / Adolfo Elizainc&#xED;n -- Los criollos de base inglesa en Centro Am&#xE9;rica: Investigaciones recientes / Anita Herzfeld -- La di&#xE1;spora haitiana: desde la periferia hacia la periferia. Contactos en 'Hispaniola' / Norma D&#xED;az -- Sobre variantes situacionales y direccionales de contacto ling&#xFC;&#xED;stico. A prop&#xF3;sito de un rasgo fon&#xE9;tico del quechua santiague&#xF1;o / Germ&#xE1;n de Granda -- Urbanidad, migraci&#xF3;n e hibridaci&#xF3;n de la lengua: procesos de contacto en el espa&#xF1;ol de Santiago de Chile / Ralph Ludwig -- Procesos ling&#xFC;&#xED;sticos en situaciones de contacto. Par&#xE1;metros y perspectivas / Norma D&#xED;az, Ralph Ludwig y Stefan Pf&#xE4;nder -- Direcciones de los autores -- &#xCD;ndice de gr&#xE1;ficos, reproducciones y mapas.</subfield>
  </datafield>
  <datafield tag="650" ind1=" " ind2="0">
    <subfield code="a">Languages in contact</subfield>
    <subfield code="z">Latin America.</subfield>
  </datafield>
  <datafield tag="650" ind1=" " ind2="0">
    <subfield code="a">Sociolinguistics</subfield>
    <subfield code="z">Latin America..</subfield>
  </datafield>
  <datafield tag="655" ind1=" " ind2="0">
    <subfield code="a">Electronic books.</subfield>
  </datafield>
  <datafield tag="700" ind1="1" ind2=" ">
    <subfield code="a">D&#xED;az, Norma.</subfield>
  </datafield>
  <datafield tag="700" ind1="1" ind2=" ">
    <subfield code="a">Ludwig, Ralph.</subfield>
  </datafield>
  <datafield tag="700" ind1="1" ind2=" ">
    <subfield code="a">Pf&#xE4;nder, Stefan.</subfield>
  </datafield>
  <datafield tag="791" ind1="2" ind2=" ">
    <subfield code="a">Digitalia (Firm),</subfield>
    <subfield code="e">distributor.</subfield>
  </datafield>
  <datafield tag="830" ind1=" " ind2="0">
    <subfield code="a">Lengua y sociedad en el mundo hisp&#xE1;nico ;</subfield>
    <subfield code="v">9.</subfield>
  </datafield>
  <datafield tag="793" ind1="0" ind2=" ">
    <subfield code="g">Digitalia eBook Collection:</subfield>
    <subfield code="a">Iberoamericana/Vervuert.</subfield>
  </datafield>
  <datafield tag="856" ind1="4" ind2="0">
    <subfield code="3">Digitalia Hisp&#xE1;nica</subfield>
    <subfield code="u">https://www.digitaliapublishing.com/a/21026/</subfield>
  </datafield>
  <datafield tag="910" ind1=" " ind2=" ">
    <subfield code="a">Premium Collection: 2007-2012</subfield>
  </datafield>
  <datafield tag="942" ind1=" " ind2=" ">
    <subfield code="c">RAA</subfield>
  </datafield>
  <datafield tag="952" ind1=" " ind2=" ">
    <subfield code="0">0</subfield>
    <subfield code="1">0</subfield>
    <subfield code="4">0</subfield>
    <subfield code="7">0</subfield>
    <subfield code="8">DEH</subfield>
    <subfield code="a">BD-UIN</subfield>
    <subfield code="b">BD-UIN</subfield>
    <subfield code="d">2025-04-25</subfield>
    <subfield code="l">0</subfield>
    <subfield code="r">2025-04-25</subfield>
    <subfield code="w">2025-04-25</subfield>
    <subfield code="y">RAA</subfield>
  </datafield>
  <datafield tag="999" ind1=" " ind2=" ">
    <subfield code="c">237266</subfield>
    <subfield code="d">237266</subfield>
  </datafield>
</record>
